000 00484nam a2200181Ia 4500
001 19307
005 20260306172643.0
008 260306t1995||||xx |||||||||||||| ||spa||
041 _aESP
082 _a658.83
_bO31
100 _aOchs, Chantal
_eAUT
245 0 _aEl nuevo reto del marketing directo:
_bestrategias y aplicaciones para las empresas que ganan
260 _c1995
300 _a117 páginas :
_c23 cm.
650 _aGEN
654 _aCAN
942 _cLIB
_dJUS
_fJUS
_2ddc
_n
999 _c19307
_d19307